Géographie - Les 20 villes les plus peuplées des Alpes-Maritimes - Statistiques

Statistiques générales
  • Ce quiz a été pris 65 fois
  • Le résultat moyen est 11 sur 20
Statistiques - réponses
HINT HINT ANSWER % Correct
74 040 C Cannes
98%
353 701 N Nice
98%
76 612 A Antibes
94%
48 669 G Grasse
92%
30 326 M Menton
85%
52 852 C Cagnes-sur-Mer
83%
40 198 L Le Cannet
65%
28 579 V Vallauris
58%
31 645 S Saint-Laurent-du-Var
56%
21 201 M Mandelieu-la-Napoule
54%
19 856 V Vence
46%
16 729 V Villeneuve-Loubet
35%
19 481 M Mougins
31%
12 430 B Beausoleil
29%
12 419 R Roquebrune-Cap-Martin
29%
10 196 B Biot
25%
10 485 L La Trinité
25%
13 729 C Carros
23%
12 389 V Valbonne
19%
10 847 M Mouans-Sartoux
15%
Aucun quiz correspondant
Distribution des résultats
% des personnes avec chaque résultat
Percentile par nombre de réponses
Votre historique - résultats
Vous n’avez pas pris ce quiz